[Event "AUT-chT2O 1718"]
[Site "Austria"]
[Date "2018.04.07"]
[Round "10.6"]
[White "Mayrhuber, Tobias"]
[Black "Savio, Alfred"]
[Result "1/2-1/2"]
[WhiteElo "2013"]
[BlackElo "2014"]
[PlyCount "50"]
[EventDate "2017.10.21"]
[EventType "team-tourn"]
[EventRounds "11"]
[EventCountry "AUT"]
[SourceTitle "EXT 2019"]
[Source "ChessBase"]
[SourceDate "2018.10.10"]
[SourceVersion "1"]
[SourceVersionDate "2018.10.10"]
[SourceQuality "1"]
[WhiteTeam "Ottakring II"]
[BlackTeam "Mattersburg"]
[WhiteTeamCountry "AUT"]
[BlackTeamCountry "AUT"]

1. e4 c6 2. d4 d5 3. Nc3 dxe4 4. Nxe4 Bf5 5. Ng3 Bg6 6. Nf3 Nd7 7. h4 h6 8. h5 Bh7 9. Bd3 Bxd3 10. Qxd3 e6 11. Bf4 Qa5+ 12. Bd2 Qc7 13. 0-0-0 0-0-0 14. c4 Ngf6 15. Ne4 Nxe4 16. Qxe4 Nf6 17. Qe2 c5 18. Bc3 Be7 19. Ne5 Nd7 20. Kb1 Nxe5 21. dxe5 Rxd1+ 22. Rxd1 Rd8 23. Rxd8+ Bxd8 24. Qg4 Qd7 25. Kc2 Qa4+ 1/2-1/2

[Event "AUT-ch"]
[Site "Graz"]
[Date "2017.08.20"]
[Round "9"]
[White "Mayrhuber, Tobias"]
[Black "Ager, Josef"]
[Result "1/2-1/2"]
[WhiteElo "1998"]
[BlackElo "2139"]
[PlyCount "66"]
[EventDate "2017.08.12"]
[EventType "swiss"]
[EventRounds "9"]
[EventCountry "AUT"]
[SourceTitle "CBM 180 Extra"]
[Source "ChessBase"]
[SourceDate "2017.10.06"]
[SourceVersion "1"]
[SourceVersionDate "2017.10.06"]
[SourceQuality "1"]

1. d4 g6 2. Nf3 Bg7 3. g3 d6 4. Bg2 Nf6 5. 0-0 0-0 6. b3 Nc6 7. Bb2 a6 8. c4 Rb8 9. Nbd2 e5 10. dxe5 Ng4 11. h3 Ngxe5 12. Nxe5 Nxe5 13. Qc1 f6 14. Kh2 Re8 15. f4 Nf7 16. e4 f5 17. Re1 Bd7 18. Bxg7 Kxg7 19. Qc3+ Qf6 20. Qxf6+ Kxf6 21. Re2 Re7 22. Rae1 Rbe8 23. Bf3 b6 24. Kg2 Nd8 25. Kf2 Nc6 26. exf5 Rxe2+ 27. Rxe2 Rxe2+ 28. Kxe2 gxf5 29. Kf2 a5 30. Nb1 a4 31. Nc3 axb3 32. axb3 Ne7 33. Ke3 h6 1/2-1/2

[Event "AUT-ch"]
[Site "Graz"]
[Date "2017.08.19"]
[Round "8"]
[White "Morgunov, Daniel"]
[Black "Mayrhuber, Tobias"]
[Result "1-0"]
[WhiteElo "2153"]
[BlackElo "1998"]
[PlyCount "77"]
[EventDate "2017.08.12"]
[EventType "swiss"]
[EventRounds "9"]
[EventCountry "AUT"]
[SourceTitle "CBM 180 Extra"]
[Source "ChessBase"]
[SourceDate "2017.10.06"]
[SourceVersion "1"]
[SourceVersionDate "2017.10.06"]
[SourceQuality "1"]

1. e4 c6 2. d4 d5 3. exd5 cxd5 4. Bd3 Nc6 5. c3 Qc7 6. h3 Nf6 7. Nf3 g6 8. 0-0 Bg7 9. Re1 0-0 10. Bg5 Re8 11. Bh4 e5 12. dxe5 Nxe5 13. Rxe5 Rxe5 14. Bg3 Ne4 15. Bxe5 Bxe5 16. Nxe5 Qxe5 17. Nd2 Nxd2 18. Qxd2 d4 19. Re1 dxc3 20. Qxc3 Qxc3 21. Re8+ Kg7 22. bxc3 a6 23. Bc4 Be6 24. Rxa8 Bxc4 25. Rb8 b5 26. a3 a5 27. Ra8 a4 28. Ra6 g5 29. g3 f6 30. Kg2 Kg6 31. Kf3 h5 32. Ke3 h4 33. gxh4 gxh4 34. Kf4 Be2 35. Re6 Bc4 36. Re3 f5 37. Re5 Bd3 38. Re6+ Kh5 39. Re8 1-0

[Event "AUT-ch U16"]
[Site "St Veit"]
[Date "2015.04.02"]
[Round "7.6"]
[White "Mayrhuber, Tobias"]
[Black "Fasching, Markus"]
[Result "1/2-1/2"]
[WhiteElo "1931"]
[BlackElo "1715"]
[PlyCount "107"]
[EventDate "2015.03.29"]
[EventType "swiss"]
[EventRounds "7"]
[EventCountry "AUT"]
[SourceTitle "EXT 2024"]
[Source "ChessBase"]
[SourceDate "2023.10.10"]
[SourceVersion "1"]
[SourceVersionDate "2023.10.10"]
[SourceQuality "1"]

1. e4 c5 2. Nf3 d6 3. d4 cxd4 4. Nxd4 Nf6 5. Nc3 g6 6. Be3 Bg7 7. f3 0-0 8. Qd2 Nc6 9. 0-0-0 d5 10. Kb1 Ne5 11. Qc1 e6 12. Be2 Bd7 13. h3 Nc4 14. Bxc4 dxc4 15. h4 h5 16. g4 hxg4 17. h5 Nxh5 18. Bh6 Qf6 19. fxg4 Bxh6 20. Qxh6 Qg7 21. Nf5 exf5 22. Qxg7+ Nxg7 23. Rxd7 fxg4 24. Nd5 Ne6 25. Nf6+ Kg7 26. e5 Rh8 27. Rg1 g3 28. a3 Rad8 29. Rxb7 g2 30. Rxg2 Rh1+ 31. Ka2 Rdd1 32. b4 c3 33. Kb3 Nc5+ 34. bxc5 Rb1+ 35. Kxc3 Rxb7 36. c6 Rb6 37. c7 Rc6+ 38. Kb2 Rh4 39. Rd2 Rhc4 40. Kc1 g5 41. Ne8+ Kg6 42. Rd6+ Kf5 43. Rxc6 Rxc6 44. c8Q+ Rxc8 45. Nd6+ Kxe5 46. Nxc8 g4 47. Kd2 a6 48. Ke3 f5 49. Ne7 f4+ 50. Kf2 Ke4 51. Ng6 f3 52. Nh4 Kd4 53. Nxf3+ gxf3 54. Kxf3 1/2-1/2

[Event "AUT-ch U18"]
[Site "Woerth"]
[Date "2014.04.16"]
[Round "6"]
[White "Mostbauer, Maximilian"]
[Black "Mayrhuber, Tobias"]
[Result "1/2-1/2"]
[WhiteElo "2103"]
[BlackElo "1903"]
[PlyCount "69"]
[EventDate "2014.04.13"]
[EventType "swiss"]
[EventRounds "7"]
[EventCountry "AUT"]
[SourceTitle "EXT 2015"]
[Source "ChessBase"]
[SourceDate "2014.11.20"]
[SourceVersion "1"]
[SourceVersionDate "2014.11.20"]
[SourceQuality "1"]

1. d4 d5 2. Nf3 Nf6 3. c4 e6 4. Nc3 Be7 5. e3 0-0 6. Bd3 dxc4 7. Bxc4 b6 8. 0-0 Bb7 9. Qe2 Nbd7 10. e4 c5 11. Rd1 Qc7 12. Bg5 cxd4 13. Nb5 Qb8 14. Nbxd4 Ne5 15. Nxe5 Qxe5 16. f4 Qxe4 17. Qxe4 Bxe4 18. Re1 Bd5 19. Bxd5 Nxd5 20. Bxe7 Nxe7 21. Rad1 Rfd8 22. g3 g6 23. Rd2 Nf5 24. Red1 Ne3 25. Nc6 Nxd1 26. Nxd8 Nxb2 27. Rd7 b5 28. Nxf7 a5 29. Nh6+ Kh8 30. Ng4 Rf8 31. Ne5 Nc4 32. Nf7+ Kg8 33. Nh6+ Kh8 34. Nf7+ Kg8 35. Nh6+ 1/2-1/2